| 000 | 00731nam a2200181Ia 4500 | ||
|---|---|---|---|
| 008 | 090630s9999 xx 000 0 und d | ||
| 082 | _b27790 | ||
| 100 | _aटिळेकर चंद्रसेन. | ||
| 245 |
_aगोष्टी अंधश्रद्धेच्या. _cटिळेकर चंद्रसेन. |
||
| 260 |
_bअनुबंध - पुणे. _c2005 |
||
| 300 | _a96 | ||
| 600 | _aटिळेकर चंद्रसेन. | ||
| 630 | _aगोष्टी अंधश्रद्धेच्या. | ||
| 655 | _aलघुकथा. | ||
| 700 | _aटिळेकर चंद्रसेन. | ||
| 730 | _aगोष्टी अंधश्रद्धेच्या. | ||
| 942 | _cBOOK | ||
| 999 |
_c279646 _d279646 |
||